[Event "EU-chT Seniors 05th"]
[Site "Dresden"]
[Date "2003.02.27"]
[Round "5.3"]
[White "Meier, Wolfgang"]
[Black "Morgner, Siegfried"]
[Result "1-0"]
[WhiteElo "2102"]
[BlackElo "1728"]
[EventDate "2003.02.23"]
[PlyCount "77"]

1.d4 g6 2.Nf3 Bg7 3.c4 d6 4.Nc3 c6 5.h3 Nf6 6.Bg5 h6 7.Bh4 Nbd7 8.e3 e5 9.
dxe5 dxe5 10.Qd6 Qe7 11.Qxe7+ Kxe7 12.Be2 Re8 13.O-O-O Kf8 14.g4 Nc5 15.
Nd2 Be6 16.Nb3 Nxb3+ 17.axb3 b5 18.Kc2 a6 19.Rd6 g5 20.Bg3 Bd7 21.f3 Re7 
22.Ra1 Ne8 23.Rdd1 Nc7 24.Ne4 f5 25.Nc5 f4 26.Be1 Be8 27.Bb4 Bg6+ 28.Ne4 
Kf7 29.Bxe7 Kxe7 30.Kc1 Bxe4 31.fxe4 Ne6 32.cxb5 cxb5 33.Bxb5 Rc8+ 34.Bc4 
Nc5 35.Kb1 fxe3 36.Re1 Rf8 37.Rxe3 Kd6 38.b4 Rf1+ 39.Bxf1 1-0

[Event "EU-chT Seniors 05th"]
[Site "Dresden"]
[Date "2003.02.27"]
[Round "5.3"]
[White "Reuben, Stewart"]
[Black "Wade, Robert Graham"]
[Result "1/2-1/2"]
[WhiteElo "2161"]
[BlackElo "2213"]
[EventDate "2003.02.23"]
[PlyCount "42"]

1.c4 e6 2.b3 d5 3.Bb2 Nf6 4.g3 b6 5.Bg2 Bb7 6.e3 Nbd7 7.Ne2 Nc5 8.d4 dxc4 
9.Bxb7 Nxb7 10.bxc4 Be7 11.O-O O-O 12.Nf4 Nd6 13.Nd2 c5 14.dxc5 bxc5 15.
Qa4 Nd7 16.Ba3 Nb6 17.Qc2 Nb7 18.Nb3 Qc7 19.Bb2 Na4 20.Rad1 Nxb2 21.Qxb2 
Rfd8 1/2-1/2

[Event "EU-chT Seniors 05th"]
[Site "Dresden"]
[Date "2003.02.27"]
[Round "5.3"]
[White "Schulz, Wolfgang"]
[Black "Vucenovic, Dragomir"]
[Result "0-1"]
[WhiteElo "2119"]
[BlackElo "2300"]
[EventDate "2003.02.23"]
[PlyCount "100"]

1.Nf3 Nf6 2.b3 g6 3.Bb2 Bg7 4.g3 O-O 5.Bg2 d6 6.d4 c6 7.O-O Bg4 8.Nbd2 
Bxf3 9.exf3 d5 10.Re1 e6 11.f4 Qc7 12.Nf3 Nbd7 13.Rc1 Rfd8 14.Ba3 Bf8 15.
Bxf8 Nxf8 16.Ne5 Rac8 17.Re3 N8d7 18.b4 a5 19.c3 Ra8 20.a3 b5 21.Ra1 Nb6 
22.Bf3 Ra7 23.g4 Nc4 24.Nxc4 bxc4 25.Re2 Rda8 26.Qc1 axb4 27.cxb4 Nd7 28.
Qe3 Qd6 29.f5 exf5 30.gxf5 Kg7 31.fxg6 hxg6 32.Bg2 Nf6 33.Qe5 Qxe5 34.dxe5
Nh5 35.e6 Nf4 36.Re3 fxe6 37.Bh3 Kf6 38.Bf1 e5 39.Rae1 Re7 40.Rc3 Rea7 41.
Ra1 Ra4 42.Bxc4 dxc4 43.Rxc4 R8a6 44.h4 Rxa3 45.Rxc6+ Rxc6 46.Rxa3 Rc1+ 
47.Kh2 Rb1 48.Ra6+ Kf5 49.Kg3 Rb3+ 50.f3 Rb2 0-1

[Event "EU-chT Seniors 05th"]
[Site "Dresden"]
[Date "2003.02.27"]
[Round "5.3"]
[White "Strand, Karl W"]
[Black "Schroeder, Christian"]
[Result "1-0"]
[WhiteElo "1819"]
[BlackElo "2152"]
[EventDate "2003.02.23"]
[PlyCount "168"]

1.e4 c5 2.Nf3 d6 3.Bb5+ Nd7 4.O-O a6 5.Bxd7+ Bxd7 6.d4 cxd4 7.Nxd4 Nf6 8.
Re1 g6 9.c3 Bg7 10.f3 b5 11.Be3 O-O 12.Qd2 Rb8 13.a3 Qc7 14.Bh6 Rfd8 15.
Bxg7 Kxg7 16.Qe3 e5 17.Nc2 Be6 18.Nd2 a5 19.Rad1 Nd7 20.Rc1 Nb6 21.Rf1 Na4
22.Rb1 d5 23.exd5 Bxd5 24.Rf2 f5 25.g3 Ba2 26.Ra1 Bf7 27.Rb1 Rd5 28.Nf1 
Rbd8 29.Rd2 Rxd2 30.Nxd2 Qd6 31.Nf1 Ba2 32.Re1 Kf6 33.b4 axb4 34.Nxb4 Bc4 
35.h4 Rd7 36.Qg5+ Kg7 37.Qe3 Nc5 38.Qxe5+ Qxe5 39.Rxe5 Nd3 40.Nxd3 Rxd3 
41.Kf2 Rxc3 42.Nd2 Bd3 43.Re7+ Kf6 44.Ra7 Bc2 45.g4 Rd3 46.Ke2 Rd4 47.g5+ 
Ke5 48.Rxh7 Bd3+ 49.Ke1 Ra4 50.h5 gxh5 51.g6 Kf6 52.Rd7 Bc2 53.Rc7 Rxa3 
54.Rxc2 Kxg6 55.Rb2 Ra5 56.Kf2 h4 57.Nb3 Ra4 58.Nc1 Rc4 59.Ne2 Rc5 60.Nf4+
Kf6 61.Kg2 Rc4 62.Nd5+ Kg5 63.f4+ Kh5 64.Rxb5 Rc2+ 65.Kf3 h3 66.Rb8 Rd2 
67.Ne3 Kg6 68.Rh8 h2 69.Nf1 Rd5 70.Ke2 Rd4 71.Ke3 Re4+ 72.Kf3 Re1 73.Nxh2 
Rh1 74.Kg2 Ra1 75.Rg8+ Kf6 76.Rb8 Ra6 77.Nf3 Kg6 78.Nh4+ Kh5 79.Kg3 Ra3+ 
80.Nf3 Kg6 81.Rb6+ Kh5 82.Rf6 Ra5 83.Re6 Ra7 84.Re5 Rg7+ 1-0

[Event "EU-chT Seniors 05th"]
[Site "Dresden"]
[Date "2003.02.27"]
[Round "5.3"]
[White "Stuerzenbaum, Arthur"]
[Black "Rahls, Peter"]
[Result "0-1"]
[WhiteElo "2194"]
[BlackElo "2295"]
[EventDate "2003.02.23"]
[PlyCount "51"]

1.e4 c5 2.Nf3 e6 3.d4 cxd4 4.Nxd4 Nf6 5.Nc3 d6 6.f4 a6 7.Qf3 Qc7 8.g4 Nc6 
9.Nxc6 bxc6 10.g5 Nd7 11.Be3 Rb8 12.Rb1 d5 13.Bd3 Bc5 14.Bxc5 Nxc5 15.O-O 
Bb7 16.Rbe1 d4 17.Nd1 Nxd3 18.cxd3 c5 19.Re2 a5 20.Nf2 O-O 21.Ng4 f6 22.
gxf6 gxf6 23.Qh3 Kh8 24.f5 exf5 25.exf5 Rg8 26.Kf2 0-1

[Event "EU-chT Seniors 05th"]
[Site "Dresden"]
[Date "2003.02.27"]
[Round "5.3"]
[White "Titz, Heimo"]
[Black "Shabanov, Yuri"]
[Result "0-1"]
[WhiteElo "2326"]
[BlackElo "2442"]
[EventDate "2003.02.23"]
[PlyCount "110"]

1.c4 Nf6 2.d4 c6 3.Nf3 d5 4.Qb3 dxc4 5.Qxc4 b5 6.Qc2 Bb7 7.Bg5 Nbd7 8.Nbd2
e6 9.e3 Qb6 10.Bxf6 gxf6 11.Bd3 c5 12.Be4 Rc8 13.Bxb7 Qxb7 14.Rc1 Be7 15.
O-O O-O 16.Qb3 Qa6 17.a4 Qxa4 18.Ra1 Qxb3 19.Nxb3 Rc7 20.dxc5 Nxc5 21.Nxc5
Bxc5 22.Ra5 Rb8 23.Rc1 Rbb7 24.Kf1 Bd6 25.Rxc7 Bxc7 26.Ra6 Bb6 27.Ke2 Rd7 
28.g3 Kf8 29.h4 Ke7 30.Nd4 Bxd4 31.exd4 Rxd4 32.Rxa7+ Kf8 33.Rc7 Rb4 34.
Rc2 f5 35.Kf3 Kg7 36.Kg2 Kg6 37.f4 f6 38.Re2 Kf7 39.Kh3 h5 40.Rc2 Rc4 41.
Rd2 Ke7 42.b3 Rc3 43.b4 Rc4 44.Ra2 Rxb4 45.Ra7+ Kf8 46.Rb7 Rb1 47.Rb8+ Ke7
48.Rh8 b4 49.Rxh5 b3 50.Rh7+ Kf8 51.Rb7 b2 52.Kg2 e5 53.fxe5 fxe5 54.h5 e4
55.h6 Kg8 0-1

[Event "EU-chT Seniors 05th"]
[Site "Dresden"]
[Date "2003.02.27"]
[Round "5.3"]
[White "Wiggens, Andrew"]
[Black "Neumann, Horst"]
[Result "1/2-1/2"]
[WhiteElo "1820"]
[BlackElo "2018"]
[EventDate "2003.02.23"]
[PlyCount "90"]

1.d4 d5 2.Nf3 Nf6 3.Bf4 Bg4 4.Nbd2 e6 5.e3 Nbd7 6.c3 Be7 7.Qb3 Qc8 8.Be2 
O-O 9.O-O Nh5 10.Bg3 Nxg3 11.hxg3 Rb8 12.c4 c6 13.Rac1 Qd8 14.Bd3 f6 15.
Rfe1 f5 16.a3 Kh8 17.Qa2 Rc8 18.b4 a6 19.Nb3 Qe8 20.cxd5 exd5 21.Nc5 Nxc5 
22.bxc5 Bf6 23.Rb1 Rf7 24.Qc2 Bxf3 25.gxf3 g6 26.Kg2 Rcc7 27.Rec1 Rce7 28.
Qd2 Qd8 29.Rb6 Qc8 30.Rcb1 Kg7 31.Qa5 Rd7 32.Qd2 Qd8 33.Qd1 Qf8 34.Qh1 Kg8
35.Qh2 Bd8 36.R6b3 Qg7 37.Kh1 Ba5 38.Qh3 Bd8 39.f4 Qf6 40.Qh6 Qg7 41.Qxg7+
Kxg7 42.Kg2 Kf6 43.Kh3 h5 44.Kg2 Rde7 45.Kf3 Ba5 1/2-1/2

[Event "EU-chT Seniors 05th"]
[Site "Dresden"]
[Date "2003.02.27"]
[Round "5.4"]
[White "Appelt, Gerd"]
[Black "Piekarz, Peter"]
[Result "1/2-1/2"]
[WhiteElo "1915"]
[BlackElo "2011"]
[EventDate "2003.02.23"]
[PlyCount "27"]

1.e4 d5 2.exd5 Qxd5 3.Nc3 Qa5 4.d4 c6 5.Bc4 Bf5 6.Bd2 Nd7 7.Qf3 e6 8.Nd5 
Qd8 9.Ne3 Bg6 10.Nh3 Ngf6 11.Nf4 Nb6 12.Nxg6 hxg6 13.c3 Nxc4 14.Nxc4 
1/2-1/2

[Event "EU-chT Seniors 05th"]
[Site "Dresden"]
[Date "2003.02.27"]
[Round "5.4"]
[White "Bebchuk, Evgeni"]
[Black "Winiwarter, Felix"]
[Result "1/2-1/2"]
[WhiteElo "2305"]
[BlackElo "2185"]
[EventDate "2003.02.23"]
[PlyCount "55"]

1.e4 e6 2.d4 d5 3.Nc3 Bb4 4.Ne2 dxe4 5.a3 Be7 6.Nxe4 Nc6 7.Be3 Nf6 8.N2c3 
b6 9.Bb5 Bb7 10.Nxf6+ Bxf6 11.Qf3 Qd7 12.Ne4 Be7 13.O-O-O a6 14.Ba4 b5 15.
Nc5 Bxc5 16.dxc5 Qe7 17.Bb3 Na5 18.Qg3 Nxb3+ 19.cxb3 O-O 20.Bd4 f6 21.f4 
Be4 22.Rhe1 f5 23.Rd2 Rfd8 24.Qe3 Rd5 25.g4 Rad8 26.Red1 Qd7 27.gxf5 exf5 
28.Bc3 1/2-1/2

[Event "EU-chT Seniors 05th"]
[Site "Dresden"]
[Date "2003.02.27"]
[Round "5.4"]
[White "Betz, Egon"]
[Black "Flockhart, Hugh"]
[Result "1-0"]
[WhiteElo "2031"]
[BlackElo "1724"]
[EventDate "2003.02.23"]
[PlyCount "58"]

1.e4 d5 2.exd5 Nf6 3.c4 c6 4.d4 cxd5 5.Nc3 Nc6 6.c5 g6 7.Bb5 a6 8.Ba4 Bg7 
9.Nf3 O-O 10.Bxc6 bxc6 11.Ne5 Bb7 12.O-O Nd7 13.f4 f6 14.Nxd7 Qxd7 15.Na4 
Rad8 16.Nb6 Qe8 17.Qg4 e5 18.fxe5 fxe5 19.Bg5 Bc8 20.Qh4 Rd7 21.Rxf8+ Bxf8
22.Nxd7 Bxd7 23.Re1 e4 24.Bf6 a5 25.Be5 Be7 26.Qh6 Bf8 27.Qf4 Be7 28.Re3 
Qd8 29.Rg3 Bf5 1-0

[Event "EU-chT Seniors 05th"]
[Site "Dresden"]
[Date "2003.02.27"]
[Round "5.4"]
[White "Brameyer, Hermann"]
[Black "Titz, Herbert"]
[Result "1/2-1/2"]
[WhiteElo "2282"]
[BlackElo "2086"]
[EventDate "2003.02.23"]
[PlyCount "141"]

1.d4 Nf6 2.Nf3 g6 3.c4 c5 4.Nc3 cxd4 5.Nxd4 Bg7 6.g3 O-O 7.Bg2 Nc6 8.Nc2 
d6 9.O-O Be6 10.b3 Rc8 11.Bb2 Ng4 12.h3 Nge5 13.Rc1 Qa5 14.Ne3 a6 15.Kh2 
b5 16.cxb5 axb5 17.Ncd5 Rfe8 18.f4 Nf3+ 19.Bxf3 Bxb2 20.Rc2 Bg7 21.Rd2 Nb4
22.a4 Nxd5 23.Nxd5 bxa4 24.bxa4 Rc4 25.Rd3 Bd7 26.Qb3 Rxa4 27.Qb7 Qa7 28.
Rb3 Kf8 29.Nb6 Qxb7 30.Bxb7 Be6 31.Nd5 Ra2 32.Re1 Rb8 33.g4 Bc8 34.Rc1 
Rxe2+ 35.Kg3 Be6 36.Rc7 f5 37.Ra3 Bf7 38.Nb6 Be6 39.Nd7+ Bxd7 40.Rxd7 Bd4 
41.Bf3 Rc2 42.Bd5 Bc5 43.Rb7 Re8 44.Rab3 Bf2+ 45.Kf3 Bd4 46.gxf5 gxf5 47.
Rb8 Rxb8 48.Rxb8+ Kg7 49.Rg8+ Kh6 50.Be6 Rc3+ 51.Kg2 Rc2+ 52.Kg3 Rc3+ 53.
Kg2 Be3 54.Bxf5 Bxf4 55.Rh8 Rg3+ 56.Kf2 Rg7 57.Kf3 Be5 58.Rf8 Rg1 59.Rf7 
Rg7 60.Rxg7 Kxg7 61.Ke4 Kf6 62.Bxh7 e6 63.Ke3 Bb2 64.Bg8 d5 65.Kd3 Ke5 66.
h4 Kd6 67.h5 Bg7 68.Bh7 e5 69.Bf5 Bh6 70.Bg6 d4 71.Bh7 1/2-1/2

[Event "EU-chT Seniors 05th"]
[Site "Dresden"]
[Date "2003.02.27"]
[Round "5.4"]
[White "Gradl, Rudolf"]
[Black "Tochtermann, Georg"]
[Result "1/2-1/2"]
[WhiteElo "1645"]
[BlackElo "2012"]
[EventDate "2003.02.23"]
[PlyCount "95"]

1.f4 Nf6 2.Nf3 g6 3.e3 b6 4.d4 Bb7 5.Bd3 Bg7 6.O-O d6 7.Nbd2 c5 8.Bb5+ 
Nbd7 9.c3 O-O 10.Qe1 a6 11.Bd3 e6 12.Qh4 Nd5 13.Qxd8 Raxd8 14.Ne4 N7f6 15.
Nxf6+ Nxf6 16.Bd2 Rc8 17.h3 c4 18.Bc2 Rfd8 19.Be1 Be4 20.Bxe4 Nxe4 21.Nd2 
Nxd2 22.Bxd2 f5 23.Rf3 e5 24.Re1 exf4 25.exf4 Re8 26.Rfe3 Rxe3 27.Rxe3 Kf7
28.g3 b5 29.Re1 Bf6 30.Kg2 a5 31.a3 Rb8 32.Rc1 Re8 33.Re1 Re4 34.Kf3 d5 
35.h4 Be7 36.Re2 Ke6 37.Re1 Kd7 38.Ra1 Kc6 39.Kf2 Kb6 40.Kf1 Kb7 41.Kf2 
Bd6 42.Kf3 Re7 43.Re1 Kc6 44.Ra1 Rb7 45.Kf2 b4 46.axb4 axb4 47.Ra4 bxc3 
48.Bxc3 1/2-1/2

[Event "EU-chT Seniors 05th"]
[Site "Dresden"]
[Date "2003.02.27"]
[Round "5.4"]
[White "Kneschke, Hansjuergen"]
[Black "Kalmutzki, Manfred"]
[Result "1/2-1/2"]
[WhiteElo "1940"]
[BlackElo "1786"]
[EventDate "2003.02.23"]
[PlyCount "36"]

1.e4 c5 2.Nc3 e6 3.f4 d6 4.Nf3 a6 5.d4 cxd4 6.Nxd4 Qc7 7.Be3 Nf6 8.Be2 b5 
9.a3 Bb7 10.Bf3 Be7 11.f5 e5 12.Nde2 Nbd7 13.g4 Nb6 14.g5 Nfd7 15.Rg1 Nc4 
16.Bc1 Ndb6 17.b3 Na5 18.Be3 Nd7 1/2-1/2

[Event "EU-chT Seniors 05th"]
[Site "Dresden"]
[Date "2003.02.27"]
[Round "5.4"]
[White "Kuehn, Peter2"]
[Black "Haug, Kjell Martin"]
[Result "1-0"]
[WhiteElo "1992"]
[BlackElo "1817"]
[EventDate "2003.02.23"]
[PlyCount "53"]

1.e4 Nf6 2.e5 Nd5 3.d4 e6 4.c4 Bb4+ 5.Bd2 Bxd2+ 6.Qxd2 Ne7 7.Nf3 d5 8.exd6
cxd6 9.Nc3 O-O 10.Bd3 Nd7 11.O-O-O Nf6 12.g4 d5 13.g5 Nh5 14.c5 b6 15.Ne5 
bxc5 16.dxc5 Bb7 17.Rhg1 d4 18.Ne4 Qd5 19.Rde1 Qxa2 20.Nf6+ gxf6 21.gxf6+ 
Ng6 22.Qh6 Qa1+ 23.Kc2 Qa4+ 24.Kb1 Bd5 25.Bxg6 Qa2+ 26.Kc1 Qa1+ 27.Bb1+ 
1-0

[Event "EU-chT Seniors 05th"]
[Site "Dresden"]
[Date "2003.02.27"]
[Round "5.4"]
[White "Kupper, Josef"]
[Black "Neudel, Bernd"]
[Result "0-1"]
[WhiteElo "2380"]
[BlackElo "1776"]
[EventDate "2003.02.23"]
[PlyCount "66"]

1.e4 c5 2.Nf3 d6 3.d4 cxd4 4.Nxd4 a6 5.c4 Nf6 6.Nc3 Nc6 7.Nc2 g6 8.Be2 Bg7
9.O-O O-O 10.Be3 Ne5 11.Bd4 Qc7 12.b3 e6 13.Qd2 Bd7 14.f3 Rac8 15.Rac1 Nc6
16.Be3 Ne8 17.Na4 f5 18.c5 Rf7 19.Rfd1 Bf8 20.Bc4 Ne5 21.Nb6 Nxc4 22.Nxc4 
f4 23.Bxf4 Qxc5+ 24.Be3 Qc7 25.Nb6 Rb8 26.Nb4 Qd8 27.e5 d5 28.N4xd5 exd5 
29.Qxd5 Bh6 30.f4 Bxf4 31.Kh1 Bxe3 32.Rf1 Qe7 33.Nxd7 Qxd7 0-1

[Event "EU-chT Seniors 05th"]
[Site "Dresden"]
[Date "2003.02.27"]
[Round "5.4"]
[White "Neese, Hans Joachim"]
[Black "Ofstad, Per"]
[Result "1/2-1/2"]
[WhiteElo "2252"]
[BlackElo "2210"]
[EventDate "2003.02.23"]
[PlyCount "104"]

1.d4 d5 2.Nf3 Nf6 3.c4 c6 4.e3 e6 5.Nc3 Nbd7 6.Be2 Bd6 7.O-O O-O 8.Qc2 e5 
9.cxd5 cxd5 10.Nb5 Bb8 11.dxe5 Nxe5 12.Nxe5 Bxe5 13.Bd2 a6 14.f4 Bb8 15.
Nd4 Ba7 16.Bd3 Bxd4 17.exd4 Bd7 18.Rae1 Rc8 19.Qb3 Bc6 20.Bf5 Bd7 21.Bb1 
Bb5 22.Rf3 Ne4 23.Bc3 Re8 24.Rfe3 Bc6 25.Qd1 Qd7 26.Qh5 Nf6 27.Qg5 h6 28.
Qg3 Qg4 29.Rxe8+ Rxe8 30.Rxe8+ Bxe8 31.Qxg4 Nxg4 32.Bf5 Nf6 33.Bc8 Bc6 34.
Bb4 Nd7 35.Kf2 f5 36.Bd6 Kf7 37.Bc7 g6 38.h3 h5 39.b3 Ke7 40.Ke3 Nf6 41.a4
Ne8 42.Be5 Kd8 43.Be6 Ke7 44.Bg8 Nf6 45.Bxf6+ Kxf6 46.a5 h4 47.Kf2 Kg7 48.
Be6 Kf6 49.Bc8 Ke7 50.g4 hxg3+ 51.Kxg3 Kd8 52.Be6 Ke7 1/2-1/2

[Event "EU-chT Seniors 05th"]
[Site "Dresden"]
[Date "2003.02.27"]
[Round "5.4"]
[White "Prelovskij, Rudolf"]
[Black "Keller, Lothar"]
[Result "1-0"]
[WhiteElo "2171"]
[BlackElo "2016"]
[EventDate "2003.02.23"]
[PlyCount "67"]

1.c4 g6 2.d4 Bg7 3.Nc3 Nf6 4.e4 d6 5.f3 O-O 6.Be3 c6 7.Qd2 e5 8.d5 Ne8 9.
Bd3 f5 10.Nge2 Nd7 11.O-O-O a5 12.h3 cxd5 13.Nxd5 b6 14.Nec3 Ba6 15.Kb1 
Rc8 16.b3 Nc5 17.Bc2 f4 18.Bf2 Rb8 19.Ka1 b5 20.cxb5 Bxb5 21.Nxb5 Rxb5 22.
Nc3 Qb8 23.Nxb5 Qxb5 24.Qd5+ Kh8 25.Bxc5 dxc5 26.Qc4 Nc7 27.Rd6 h5 28.Rhd1
Kh7 29.a4 Qe8 30.b4 axb4 31.Bb3 Rf6 32.Kb1 Kh6 33.Qxc5 Ne6 34.Qxe5 1-0

[Event "EU-chT Seniors 05th"]
[Site "Dresden"]
[Date "2003.02.27"]
[Round "5.4"]
[White "Reinholz, Siegfried"]
[Black "Wieckowski, Ryszard"]
[Result "1-0"]
[WhiteElo "1901"]
[BlackElo "1929"]
[EventDate "2003.02.23"]
[PlyCount "93"]

1.e4 c5 2.Nf3 d6 3.d4 cxd4 4.Qxd4 Nc6 5.Bb5 Bd7 6.Bxc6 Bxc6 7.c4 Nf6 8.Nc3
e5 9.Qd3 Be7 10.O-O h6 11.Be3 O-O 12.Rad1 a6 13.a4 Qd7 14.b3 Qg4 15.Nd2 
Qd7 16.h3 Qc7 17.Rc1 Rac8 18.Nf3 Qd7 19.Rfd1 Qc7 20.Nh2 Rfd8 21.f3 Rb8 22.
Nf1 Qa5 23.Ng3 Bd7 24.Qd2 Kh7 25.Qf2 b5 26.Bd2 Qb6 27.Qxb6 Rxb6 28.cxb5 
axb5 29.a5 Ra6 30.b4 Rc8 31.Nd5 Nxd5 32.Rxc8 Bxc8 33.exd5 Bb7 34.Nf5 Bf8 
35.Ne3 f5 36.Be1 Kg6 37.Nc2 Bc8 38.Na3 Bd7 39.Rc1 Ra7 40.Bf2 Rb7 41.a6 Rb8
42.a7 Ra8 43.Rc7 Bc8 44.Nxb5 Ba6 45.Nc3 Kf6 46.b5 Bc8 47.b6 1-0

[Event "EU-chT Seniors 05th"]
[Site "Dresden"]
[Date "2003.02.27"]
[Round "5.4"]
[White "Rost van Tonningen, Otto"]
[Black "Barnstedt, Dietrich"]
[Result "1/2-1/2"]
[WhiteElo "2212"]
[BlackElo "2154"]
[EventDate "2003.02.23"]
[PlyCount "59"]

1.d4 Nf6 2.Nf3 g6 3.e3 Bg7 4.Be2 O-O 5.O-O b6 6.c4 d5 7.Nc3 Bb7 8.Qc2 Nbd7
9.b3 Rc8 10.Bb2 c5 11.Rad1 cxd4 12.exd4 Qc7 13.Ne5 dxc4 14.Nxd7 Qxd7 15.
bxc4 Rfd8 16.Qb3 e6 17.Rfe1 h5 18.h3 Qc7 19.Nb5 Qb8 20.Bf1 a6 21.Nc3 Qc7 
22.d5 exd5 23.Nxd5 Nxd5 24.Bxg7 Kxg7 25.cxd5 Qd6 26.Rb1 b5 27.a4 Bxd5 28.
Qb2+ Kg8 29.axb5 Rb8 30.Qe5 1/2-1/2

[Event "EU-chT Seniors 05th"]
[Site "Dresden"]
[Date "2003.02.27"]
[Round "5.4"]
[White "Siegmund, Rainer"]
[Black "Zunker, Reinhard"]
[Result "1/2-1/2"]
[WhiteElo "2111"]
[BlackElo "2194"]
[EventDate "2003.02.23"]
[PlyCount "31"]

1.d4 Nf6 2.c4 d6 3.Nf3 g6 4.Nc3 Bg7 5.e4 O-O 6.Be2 Na6 7.O-O c5 8.d5 Nc7 
9.h3 a6 10.a4 b6 11.Bf4 Nd7 12.Qd2 Re8 13.Rfe1 Ne5 14.Rad1 Nxf3+ 15.Bxf3 
Rb8 16.e5 1/2-1/2

[Event "EU-chT Seniors 05th"]
[Site "Dresden"]
[Date "2003.02.27"]
[Round "5.4"]
[White "Wheeler, John Francis"]
[Black "Munro, Donald"]
[Result "1/2-1/2"]
[WhiteElo "2208"]
[BlackElo "1848"]
[EventDate "2003.02.23"]
[PlyCount "63"]

1.d4 d5 2.c4 Nc6 3.Nf3 Bg4 4.Nc3 e6 5.cxd5 Bxf3 6.exf3 exd5 7.Bb5 Ne7 8.
O-O a6 9.Ba4 Qd6 10.Re1 O-O-O 11.Be3 Nf5 12.Qd3 g6 13.Rac1 Na5 14.b4 Qxb4 
15.Bg5 Be7 16.Rb1 Qxb1 17.Rxb1 Bxg5 18.Ne2 Bf6 19.Qc3 Nc4 20.Bb3 Nfd6 21.
Bxc4 dxc4 22.Qb4 Rhe8 23.Nc3 Bxd4 24.Ne4 Bb6 25.Nxd6+ Rxd6 26.Qxc4 Rd2 27.
g3 Ree2 28.Rxb6 Rxf2 29.Rf6 Rg2+ 30.Kf1 Rxh2 31.Kg1 Rhg2+ 32.Kf1 1/2-1/2

[Event "EU-chT Seniors 05th"]
[Site "Dresden"]
[Date "2003.02.27"]
[Round "5.4"]
[White "Zanger, Konrad"]
[Black "Schwier, Manfred"]
[Result "0-1"]
[WhiteElo "1624"]
[BlackElo "2070"]
[EventDate "2003.02.23"]
[PlyCount "76"]

1.d4 d5 2.Nf3 e6 3.e3 f5 4.Bd3 Nf6 5.c4 c6 6.a3 Be7 7.Nc3 O-O 8.b4 Bd7 9.
c5 Ne4 10.Bb2 Be8 11.Ne5 Nd7 12.Nxd7 Nxc3 13.Bxc3 Qxd7 14.O-O Rf6 15.f4 
Rh6 16.Be1 Bf6 17.Be2 Qe7 18.Bf3 g5 19.fxg5 Bxg5 20.Qe2 e5 21.g3 e4 22.Bh1
Bd7 23.Ra2 Qg7 24.Rf2 Rf8 25.Rg2 Rh3 26.a4 a6 27.Rb2 Qh6 28.Bd2 Kh8 29.b5 
cxb5 30.axb5 Bxb5 31.Qf2 Be7 32.Qf4 Qxf4 33.gxf4 Rf3 34.Rf2 Rg8+ 35.Bg2 
Bh4 36.Be1 Rxe3 37.Bd2 Bxf2+ 38.Kxf2 Re2+ 0-1

[Event "EU-chT Seniors 05th"]
[Site "Dresden"]
[Date "2003.02.28"]
[Round "6.1"]
[White "Baumbach, Friedrich"]
[Black "Uhlmann, Wolfgang"]
[Result "1/2-1/2"]
[WhiteElo "2309"]
[BlackElo "2446"]
[EventDate "2003.02.23"]
[PlyCount "23"]

1.d4 Nf6 2.c4 g6 3.Nc3 Bg7 4.e4 O-O 5.Nf3 c5 6.Be2 cxd4 7.Nxd4 d6 8.O-O 
Nc6 9.Be3 Nxd4 10.Bxd4 Bd7 11.Nd5 Nxd5 12.exd5 1/2-1/2

[Event "EU-chT Seniors 05th"]
[Site "Dresden"]
[Date "2003.02.28"]
[Round "6.1"]
[White "Braun, Gottfried"]
[Black "Hempson, Peter W"]
[Result "1/2-1/2"]
[WhiteElo "2251"]
[BlackElo "2197"]
[EventDate "2003.02.23"]
[PlyCount "94"]

1.e4 d5 2.exd5 Qxd5 3.Nc3 Qa5 4.Bc4 c6 5.d3 Nf6 6.Ne2 e5 7.O-O Be7 8.Ng3 
O-O 9.Re1 Re8 10.Qe2 Nbd7 11.Bd2 Qc7 12.a4 Bf8 13.Nge4 Nxe4 14.Nxe4 Nb6 
15.Bb3 Be6 16.Bxe6 Rxe6 17.Ng5 Rg6 18.Qe4 h6 19.Nf3 Re6 20.Bc3 Bd6 21.d4 
Nd5 22.dxe5 Nxc3 23.bxc3 Qa5 24.Qd4 Bc5 25.Qc4 Rd8 26.Rab1 Bb6 27.Nd4 Rxe5
28.Nb3 Rxe1+ 29.Rxe1 Qf5 30.Qe2 Rd6 31.Nd4 Bxd4 32.cxd4 Rxd4 33.c4 Qe6 34.
Qxe6 fxe6 35.Rc1 b6 36.Kf1 c5 37.Ke2 Kf7 38.a5 bxa5 39.Ra1 Rxc4 40.Rxa5 
Rc2+ 41.Ke3 Kf6 42.Rxa7 h5 43.h4 Rc4 44.g3 Rd4 45.Rc7 Rd5 46.Rc8 g6 47.Rc7
g5 1/2-1/2

[Event "EU-chT Seniors 05th"]
[Site "Dresden"]
[Date "2003.02.28"]
[Round "6.1"]
[White "Hamm, Georg"]
[Black "Wicklund Hansen, Richard"]
[Result "1-0"]
[WhiteElo "2056"]
[BlackElo "2046"]
[EventDate "2003.02.23"]
[PlyCount "119"]

1.Nf3 g6 2.g3 Bg7 3.Bg2 e5 4.d3 Nf6 5.Nxe5 d6 6.Nf3 Nc6 7.c4 Bg4 8.h3 Bf5 
9.Nc3 Qe7 10.Bg5 Qd7 11.Qd2 h6 12.Be3 O-O-O 13.O-O-O d5 14.cxd5 Nxd5 15.
Nh4 Nxc3 16.bxc3 Be6 17.Qb2 g5 18.Nf3 b6 19.Nd2 Na5 20.Nb1 Qd4 21.Rd2 f5 
22.Qb4 Qd7 23.Rc2 Rhf8 24.h4 f4 25.gxf4 gxf4 26.Bd2 Rf5 27.Qe4 Bd5 28.Qxf5
Qxf5 29.Bh3 Bxh1 30.Bxf5+ Kb8 31.Bxf4 Rf8 32.e4 Nc6 33.Bg3 Bf3 34.Nd2 Be2 
35.d4 Ne7 36.Nb3 Nxf5 37.Rxe2 Nxg3 38.fxg3 Rf3 39.e5 Rxc3+ 40.Kd2 Rxg3 41.
e6 Bf6 42.e7 Bxe7 43.Rxe7 Rg4 44.h5 Rh4 45.Kc3 Rxh5 46.Kc4 Rh2 47.Rh7 Kb7 
48.d5 Rh4+ 49.Nd4 Kc8 50.Kd3 Rh3+ 51.Ke4 Rh2 52.Ne6 Re2+ 53.Kd3 Re5 54.Kd4
Re1 55.Rxc7+ Kb8 56.Rc2 h5 57.Rh2 Rd1+ 58.Ke5 Ra1 59.d6 Re1+ 60.Kf6 1-0

[Event "EU-chT Seniors 05th"]
[Site "Dresden"]
[Date "2003.02.28"]
[Round "6.1"]
[White "Hampel, Johannes"]
[Black "Duemmke, Juergen"]
[Result "0-1"]
[WhiteElo "2003"]
[BlackElo "2187"]
[EventDate "2003.02.23"]
[PlyCount "64"]

1.d4 Nf6 2.c4 g6 3.Nc3 d5 4.cxd5 Nxd5 5.e4 Nxc3 6.bxc3 Bg7 7.Bc4 c5 8.Ne2 
O-O 9.Be3 Nc6 10.Rc1 e6 11.O-O Qc7 12.Qd2 Rd8 13.Rfd1 b6 14.Qb2 Na5 15.Bd3
Bb7 16.f4 f5 17.Ng3 Rd7 18.dxc5 bxc5 19.e5 Rad8 20.Qe2 Qc6 21.Bc2 Nc4 22.
Nf1 Bh6 23.Qf2 Rxd1 24.Rxd1 Rxd1 25.Bxd1 Nxe3 26.Nxe3 Qe4 27.Qd2 Qxf4 28.
Qd8+ Bf8 29.Nf1 Qxe5 30.Bb3 c4 31.Ba4 Qe2 32.Qd2 Bc5+ 0-1

[Event "EU-chT Seniors 05th"]
[Site "Dresden"]
[Date "2003.02.28"]
[Round "6.1"]
[White "Holt, Trevor J"]
[Black "Denda, Ronald"]
[Result "0-1"]
[WhiteElo "1776"]
[BlackElo "2080"]
[EventDate "2003.02.23"]
[PlyCount "88"]

1.e4 e5 2.Nf3 Nc6 3.Bc4 Bc5 4.b4 Bxb4 5.c3 Be7 6.d4 d6 7.Qb3 Na5 8.Bxf7+ 
Kf8 9.Qa4 Kxf7 10.Qxa5 b6 11.Qa4 Bf6 12.O-O Bg4 13.Nbd2 Ne7 14.Qb3+ Be6 
15.d5 Bd7 16.Nc4 Ng6 17.h3 h6 18.Nh2 Qe7 19.Bd2 Bg5 20.Ne3 Nf4 21.Nf3 Qf6 
22.Ng4 Nxh3+ 23.gxh3 Qxf3 24.Nh2 Qxh3 25.f4 Qg3+ 26.Kh1 Bxf4 27.Bxf4 exf4 
28.Rf3 Qh4 29.Qc4 Rac8 30.Rg1 Qf6 31.Rxf4 Qxf4 32.Rf1 Qxf1+ 33.Qxf1+ Kg6 
34.Qg2+ Kh7 35.Nf3 Rhf8 36.e5 dxe5 37.Nxe5 Bf5 38.Qg3 Rce8 39.c4 a5 40.Nc6
Re2 41.Nd4 Be4+ 42.Kg1 Rg2+ 43.Qxg2 Bxg2 44.Kxg2 Rf4 0-1

[Event "EU-chT Seniors 05th"]
[Site "Dresden"]
[Date "2003.02.28"]
[Round "6.1"]
[White "Keller, Dieter"]
[Black "Hecht, Hans Joachim"]
[Result "1/2-1/2"]
[WhiteElo "2385"]
[BlackElo "2381"]
[EventDate "2003.02.23"]
[PlyCount "64"]

1.e4 e5 2.Nf3 Nc6 3.Bb5 Nf6 4.d3 Bc5 5.Bxc6 dxc6 6.O-O Nd7 7.Be3 Bd6 8.d4 
Qe7 9.Nbd2 c5 10.dxe5 Nxe5 11.Re1 O-O 12.Qc1 Nxf3+ 13.Nxf3 Qxe4 14.Bxc5 
Qd5 15.Bxd6 Qxd6 16.Qe3 Bf5 17.c3 h6 18.h3 Rfd8 19.Nd4 Bd7 20.Qe7 Qxe7 21.
Rxe7 Kf8 22.Rae1 Re8 23.Rxe8+ Rxe8 24.Rd1 c5 25.Nb3 Ba4 26.Rd2 Re1+ 27.Kh2
Bxb3 28.axb3 Re6 29.Kg3 Ke7 30.Kf3 Rb6 31.Ke4 Re6+ 32.Kf3 Rb6 1/2-1/2

[Event "EU-chT Seniors 05th"]
[Site "Dresden"]
[Date "2003.02.28"]
[Round "6.1"]
[White "Kleinwaechter, Matthias"]
[Black "Weber, Bernd"]
[Result "0-1"]
[WhiteElo "1974"]
[BlackElo "2115"]
[EventDate "2003.02.23"]
[PlyCount "110"]

1.e4 e5 2.Nf3 Nc6 3.Bb5 a6 4.Ba4 d6 5.Bxc6+ bxc6 6.d4 f6 7.h3 Ne7 8.O-O 
Ng6 9.Re1 Be7 10.Qd3 Be6 11.c4 O-O 12.Nc3 Qe8 13.d5 cxd5 14.cxd5 Bd7 15.
Bd2 f5 16.Rac1 Bd8 17.a3 h6 18.Kh2 fxe4 19.Nxe4 Nf4 20.Bxf4 Rxf4 21.Qe3 
Qf7 22.Rc3 Qxd5 23.Ng3 Qf7 24.Rd1 g5 25.Rd2 g4 26.hxg4 Bxg4 27.Kg1 Bxf3 
28.gxf3 Bg5 29.Qe2 Rf8 30.Qxa6 Rxf3 31.Rxf3 Qxf3 32.Qc4+ Rf7 33.Rc2 Bf4 
34.Ne4 Kf8 35.Rc3 Qg4+ 36.Ng3 h5 37.Kg2 h4 38.Qe2 Qg5 39.Qh5 hxg3 40.Qh8+ 
Qg8 41.Qxg8+ Kxg8 42.fxg3 Bd2 43.Rc2 Be3 44.b4 c5 45.bxc5 Bxc5 46.a4 Ra7 
47.Rc4 Kf7 48.Kf3 Ke6 49.Rh4 Bd4 50.Rh6+ Kd5 51.g4 e4+ 52.Ke2 Rxa4 53.g5 
Ra2+ 54.Ke1 e3 55.g6 Bc3+ 0-1

[Event "EU-chT Seniors 05th"]
[Site "Dresden"]
[Date "2003.02.28"]
[Round "6.1"]
[White "Kort, Jacob"]
[Black "Schmidt, Gerhard"]
[Result "1/2-1/2"]
[WhiteElo "2225"]
[BlackElo "2225"]
[EventDate "2003.02.23"]
[PlyCount "32"]

1.d4 d5 2.c4 e6 3.Nc3 Nf6 4.Bg5 Be7 5.e3 O-O 6.Qc2 h6 7.Bh4 c6 8.Nf3 Ne4 
9.Bxe7 Qxe7 10.a3 Nxc3 11.Qxc3 Nd7 12.Be2 Re8 13.Rd1 Kf8 14.Qc2 Kg8 15.Qc3
Kf8 16.Qc2 Kg8 1/2-1/2